000 01488nam a2200241Ia 4500
008 0000002012 usad 0000000000eng00
020 _a9780615565569
090 _aPSP00 E77e4
245 1 0 _aEsteban Lisa
_b: playing with lines and colors = juego con líneas y colores
_c/ texts Stuart A. Ashman ...[et al.] ; curators Barbara J. Bloemink, Jorge Virgili ; translations Udurre Alonso, Araceli Montero, Laura Suffield
300 _a149 p.
_c/ 23 cm.
500 _aArtista nacido en España y desde muy niño fue llevado a Buenos Aires, lugar en donde desarrolló su vida y obra \ Exposición realizadalizada en el Museum of Latin American Art. MOLAA. de Long Beach, California entre febrero 26 a mayo 27 de 2012 \ Incluye lista de obras, cronología artística y datos biográficos \ Texto en inglés y español
501 _aEsteban Lisa, a pioneering spirit = Esteban Lisa, un espíritu pionero / Stuart A. Ashman Esteban Lisa's own abstraction / Cecilia Fajardo Hill ESteban Lisa an overview
600 0 0 _a LISA, ESTEBAN, 18951983/
_xTRABAJOS PICTORICOS
650 1 4 _a PINTURA ABSTRACTA ESPAÑOLA
650 1 4 _aARTE ABSTRACTO ARGENTINO
650 1 4 _aARTE ABSTRACTO ESPAÑOL
650 1 4 _aARTISTAS PLASTICOS ESPAÑOLES CRITICA E INTERPRETACION
650 1 4 _xCATALOGOS
650 1 4 _aENSAYOS, CONFERENCIAS, ETC
650 1 4 _xEXPOSICIONES
650 1 4 _aPINTURA ABSTRACTA ARGENTINA
999 _c13947
_d13947
260 _aLong Beach : Museum of Latin American Art MolAA
_c2012